000
00340nam a2200145Ia 4500
003
OSt
005
20240408103924.0
008
170523s9999 xx 000 0 und d
020
_a
0072125322
040
_c
IIMT UNIVERSITY
100
_a
MILLER
245
0
_a
ANALYSING BROAD BRAND NETWORKING
260
_b
TATA MC GRAW HILL
942
_2
ddc
_c
02
999
_c
1979
_d
1979